La Producció residencial de baixa densitat / Francesc Muñoz ; Diputació de Barcelona. Àrea de la Presidència. Gabinet d'Estudis de la Presidència
ISBN:
84-9803-062-5
Descripción Física:
152 p. : quadres, mapes ; 30 cm
Colección:
Elements de debat territorial ; 21
MARC
| LEADER | 00000nam a2200000Ia 4500 | ||
|---|---|---|---|
| 001 | 16949 | ||
| 008 | 160829s2005 xx 000 0 cat d | ||
| 020 | |a 84-9803-062-5 | ||
| 080 | |a M-5-272 | ||
| 100 | |a Muñoz, Francesc |9 48672 | ||
| 245 | |a La Producció residencial de baixa densitat / Francesc Muñoz ; Diputació de Barcelona. Àrea de la Presidència. Gabinet d'Estudis de la Presidència | ||
| 260 | |a Barcelona : |b Diputació de Barcelona, |c 2005 | ||
| 300 | |a 152 p. : |b quadres, mapes ; |c 30 cm | ||
| 490 | |a Elements de debat territorial ; 21 | ||
| 650 | |a Urbanització |x Catalunya |9 48673 | ||
| 650 | |a Habitatge |x Catalunya |x Estudis |9 48674 | ||
| 710 | 1 | |a Barcelona (Catalunya : Província). |b Gabinet d’Estudis de la Presidència |9 54949 | |
| 901 | |a Arxiu | ||
| 942 | |n 1 | ||
| 952 | |0 0 |1 0 |4 0 |6 M5272 |7 1 |9 54755 |a Arxiu |b Arxiu |d 2016-12-01 |l 0 |o M-5-272 |p 16949 |r 2016-12-01 00:00:00 |w 2016-12-01 |y ARXIU | ||
| 999 | |c 58624 |d 58624 | ||